ENBORA : Teknik Penilaian Risiko Ergonomik di Tempat Kerja

Bibliographic Details
Main Author: Mohd. Nasrull Abdol Rahman (Author)
Format: Book
Language:Malay
Published: Batu Pahat, Johor : Penerbit UTHM 2019
Edition:First edition
Subjects:

MARC

LEADER 00000cam a2200000 7i4500
001 0000029658
005 20241128.0
008 211230 my a may
020 |a 9789672216940 
040 |a INS   |b eng   |e rda 
090 0 0 |a HD6331   |b .M52 2019 
100 0 |a Mohd. Nasrull Abdol Rahman ,   |e author 
245 1 0 |a ENBORA :   |b Teknik Penilaian Risiko Ergonomik di Tempat Kerja   |c MOHD NASRULL ABDOL RAHMAN 
250 |a First edition 
264 1 |a Batu Pahat, Johor :   |b Penerbit UTHM   |c 2019 
300 |a xi, 116 pages :   |b colour illustrations ;   |c 23 cm. 
336 |a text  |2 rdacontent 
337 |a unmediated  |2 rdamedia 
338 |a volume  |2 rdacarrier 
650 0 |a Goverment publication   |z Malaysia 
650 0 |a Human comfort   |z Malaysia 
650 0 |a Occupational safety and healty   |z Malaysia 
650 0 |a Work environment   |z Malaysia 
999 |a 1000004326   |b BOOK   |c Open Shelf   |e Default branch